书目信息 |
| 题名: |
外国幽默漫画
|
|
| 作者: | 江帆 , 马克 编 | |
| 分册: | ||
| 出版信息: | 北京 人民美术出版社 1981 |
|
| 页数: | 170页 | |
| 开本: | 19cm | |
| 丛书名: | ||
| 单 册: | ||
| 中图分类: | J238.1 | |
| 科图分类: | ||
| 主题词: | 漫画--世界--画册 | |
| 电子资源: | ||
| ISBN: | ||
| 000 | 00658nam0 2200253 45 | |
| 001 | 0181003312 | |
| 005 | 20040519160213.2 | |
| 010 | @dCNY0.72 | |
| 091 | @a8027.7577 | |
| 100 | @a19950413d1981 em y0chiy0121 ea | |
| 101 | 1 | @achi@cmul |
| 102 | @aCN@b110000 | |
| 105 | @aa t 000yy | |
| 106 | @ar | |
| 200 | 10 | @a外国幽默漫画@Awai guo you mo man hua@f江帆, 马克编 |
| 210 | @a北京@c人民美术出版社@d1981 | |
| 215 | @a170页@d19cm | |
| 606 | @a漫画@y世界@x画册 | |
| 690 | @aJ238.1@v3 | |
| 701 | 0 | @a江帆@Ajiang fan@4编 |
| 701 | 0 | @a马克@Ama ke@4编 |
| 801 | 0 | @aCN@b上海图书馆@c20040519 |
| 801 | 2 | @aCN@bNLC@c20040519 |
| 905 | @f1@b41676@dJ238.1@e15 | |
| 外国幽默漫画/江帆, 马克编.-北京:人民美术出版社,1981 |
| 170页;19cm |
| ISBN :CNY0.72 |
| ● |
| 相关链接 |
|
|
|
|
正题名:外国幽默漫画
索取号:J238.1/15
 
预约/预借
| 序号 | 登录号 | 条形码 | 馆藏地/架位号 | 状态 | 备注 |
| 1 | 0041676 | 000795296 | 第一借阅区/ [索取号:J238.1/15] | 在馆 |